|
|
|
|
| LEADER |
00887pam a22002298a 4500 |
| 001 |
00000825 |
| 005 |
20201015091014.0 |
| 008 |
110323s2004 ||||||Viesd |
| 020 |
# |
# |
|c 18000
|
| 245 |
0 |
0 |
|a Giáo trình lịch sử đảng Cộng sản Việt Nam
|b Dùng trong các trường Đại học, Cao đẳng
|
| 260 |
# |
# |
|a H.
|b Chính trị Quốc gia
|c 2004
|
| 300 |
# |
# |
|a 349tr.
|c 21cm.
|
| 500 |
# |
# |
|a ĐTTS ghi: Bộ GD và ĐT
|
| 653 |
# |
# |
|a Đảng Cộng sản Việt Nam
|a Lịch sử
|a Giáo trình
|
| 710 |
# |
# |
|c 18000
|c 18000
|
| 852 |
# |
# |
|a Vie
|a Vie
|
| 852 |
# |
# |
|b Kho giáo trình
|j KGT.0017470, KGT.0033111
|
| 852 |
# |
# |
|b Kho mượn
|j KGT.0017470
|
| 852 |
# |
# |
|b Kho đọc
|j KD.0000841
|
| 852 |
# |
# |
|j KD.0000841
|j KGT.0033111
|j KGT.0017470
|
| 910 |
0 |
# |
|f 15/10/2020
|
| 980 |
# |
# |
|a Trung tâm Học liệu Lê Vũ Hùng, Trường Đại học Đồng Tháp
|